Star Wars Episode 5 The Empire Strikes Back - Statistics

General Stats
  • This quiz has been taken 252 times
  • The average score is 18 of 28
Answer Stats
Hint Answer % Correct
Who is the smuggler/rebel that loves the princess Han Solo
99%
Who is the jedi who almost dies at the end of the movie Luke Skywalker
98%
Who is the smugglers co pilot Chewbacca
97%
What is the name of the snowy planet at the beginning of the movie Hoth
97%
Who is the princess Princess Leia
97%
The bounty hunter that sucessfully captures the smuggler Boba Fett
86%
Who is the robot droid who can walk and is yellow C3PO
86%
Who is the sith lord that the jedi challenges to save his friends Darth Vader
85%
Who is the droid that always accompanies the robot droid R2D2
85%
What is the creature that the jedi rides to find the imperial droid A taun taun
84%
Who lives on this swampy planet Yoda
84%
What is the body part the sith cuts off of the jedi His hand
83%
Who is the ghost who visits the jedi before he leaves Obi wan kenobi
82%
Who is the leader of the Sky city Lando Calrissian
81%
Who is the gangster who put a bounty on the smuggler Jabba the Hutt
79%
Where does the jedi go to get more jedi training Dagobah
74%
What happens to the smuggler after hes captured He's carbonated
67%
A bounty hunter after the smuggler Bossk
49%
Where does the group go to escape the empire Cloud City
49%
A bounty hunter after the smuggler IG-88
45%
What is the name of the rebels base on the snow planet Echo Base
43%
Who is the general who leads the attack on the rebel outpost Maximilian Veers
43%
What ship does the group escape the ice planet on The millennium Falcon
43%
A bounty hunter after the smuggler Dengar
36%
What is the animal that eats the tantan and puts the jedi frozen in ice A Wampa
25%
A bounty hunter after the smuggler 4-lom
21%
A bounty hunter after the smuggler Zuckuss
13%
What is the thing that protects the base from being destroyed by the empire The Shield Generator
5%
No matching quizzes found
Score Distribution
Percent of People with Each Score
Percentile by Number Answered
Your Score History
You have not taken this quiz